000
00326nam a2200157Ia 4500
100
_a
Kozen/Dexter C
650
_a
Automata
942
_c
RB
366
_f
25
654
_a
automata
245
_a
Automata and computability
260
_b
Springer
_c
1997
082
_b
KOZ
300
_a
400
546
_a
ENGLISH
_c
electronics
999
_c
32138
_d
32138